00963nam a2200229 a 4500001001000000003000500010005001700015008004100032010001100073011001100084040000900095100003800104245013200142260004100274500006000315502010200375650005400477650005100531650003000582650005100612856007000663000113329CHAP20220329144349.0170607s2015 mx a fsm |||||||spa d a109790 a110762 cCHAP1 aGarcía Dorantes, Juan Francisco10aEstrategias de desarrollo rural y sus protagonistas en Huehuetla, Puebla /h[En línea]cpor Juan Francisco García Dorantes. aChapingo, Méx. :bEl autor,c2015. aPara ver el contenido del material haga clic en la liga aTesis (Lic. en Economía Agrícola) -- UACh. División de Ciencias Económico Administrativas14aDesarrollo ruralxAspectos políticoszMéxico.14aDesarrollo ruralxAspectos socialeszMéxico.14aDesarrollo ruralzPuebla.14aProgramas de desarrolloxEvaluaciónzPuebla. aFinding aiduhttp://10.13.5.2/tesis/sist113329.pdfzTeclea aquí